[Event "Mittelfranken-chTB2b 1920"]
[Site "Mittelfranken"]
[Date "2020.03.22"]
[Round "8.8"]
[White "Kalnik, Isabell"]
[Black "Leonhardt, Frank"]
[Result "0-1"]
[WhiteElo "1454"]
[BlackElo "1823"]
[PlyCount "118"]
[EventDate "2019.10.13"]
[EventType "team-tourn"]
[EventRounds "9"]
[EventCountry "GER"]
[SourceTitle "EXT 2023"]
[Source "ChessBase"]
[SourceDate "2022.10.05"]
[SourceVersion "1"]
[SourceVersionDate "2022.10.05"]
[SourceQuality "1"]
[WhiteTeam "Grossenseebach"]
[BlackTeam "Schwanstetten"]
[WhiteTeamCountry "GER"]
[BlackTeamCountry "GER"]

1. e4 c5 2. Nf3 d6 3. Nc3 Nf6 4. d3 g6 5. g3 Bg7 6. Bg2 0-0 7. 0-0 Nc6 8. Bg5 a6 9. Qd2 Bg4 10. a3 Rc8 11. Rfe1 Qa5 12. Nd5 Nxd5 13. Qxa5 Nxa5 14. exd5 Bxb2 15. Rab1 Bf6 16. Bxf6 exf6 17. Nd2 Bf5 18. Be4 Bh3 19. Bg2 Bxg2 20. Kxg2 f5 21. Re7 Rfe8 22. Rbe1 Kf8 23. Rxe8+ Rxe8 24. Rxe8+ Kxe8 25. Nf3 b5 26. Nd2 Nb7 27. c3 a5 28. Kf3 Ke7 29. Ke3 Kf6 30. f4 Kg7 31. h3 Kf6 32. d4 c4 33. Nf3 Nd8 34. Nd2 Ke7 35. Nf3 f6 36. Ke2 Nf7 37. Ke3 Nh6 38. Ke2 Kd7 39. Kd2 Ng8 40. Ne1 Ne7 41. Ng2 Nc8 42. Ne3 Nb6 43. Kc2 Ke7 44. Kd2 Kf7 45. Ke2 Na4 46. Kd2 Nb2 47. Kc2 Nd3 48. Kd2 Nf2 49. a4 Ne4+ 50. Kc2 bxa4 51. Nxc4 Ke7 52. Nxa5 Nxg3 53. c4 Ne2 54. Nc6+ Kd7 55. c5 Nxf4 56. Nb4 g5 57. c6+ Kc7 58. Kb2 g4 59. Na6+ Kc8 0-1

[Event "Mittelfranken-chTB2b 1920"]
[Site "Mittelfranken"]
[Date "2020.03.08"]
[Round "7.6"]
[White "Leonhardt, Frank"]
[Black "Firla, Erwin"]
[Result "1/2-1/2"]
[WhiteElo "1823"]
[BlackElo "1722"]
[PlyCount "44"]
[EventDate "2019.10.13"]
[EventType "team-tourn"]
[EventRounds "9"]
[EventCountry "GER"]
[SourceTitle "EXT 2023"]
[Source "ChessBase"]
[SourceDate "2022.10.05"]
[SourceVersion "1"]
[SourceVersionDate "2022.10.05"]
[SourceQuality "1"]
[WhiteTeam "Schwanstetten"]
[BlackTeam "Postbauer Heng II"]
[WhiteTeamCountry "GER"]
[BlackTeamCountry "GER"]

1. e4 e5 2. Nf3 Nc6 3. Bb5 a6 4. Ba4 Nf6 5. 0-0 b5 6. Bb3 Be7 7. Re1 0-0 8. c3 d5 9. exd5 Nxd5 10. Nxe5 Nxe5 11. Rxe5 Bb7 12. Qf3 c6 13. d4 Bd6 14. Re1 Qc7 15. g3 Rae8 16. Be3 Nxe3 17. Rxe3 c5 18. d5 c4 19. Bc2 Qc5 20. Rxe8 Rxe8 21. Nd2 Bxd5 22. Be4 Be6 1/2-1/2

[Event "Mittelfranken-chTB2b 1920"]
[Site "Mittelfranken"]
[Date "2020.02.16"]
[Round "6.7"]
[White "Leonhardt, Frank"]
[Black "Dietrich, Thomas1111"]
[Result "1-0"]
[WhiteElo "1823"]
[BlackElo "1569"]
[PlyCount "47"]
[EventDate "2019.10.13"]
[EventType "team-tourn"]
[EventRounds "9"]
[EventCountry "GER"]
[SourceTitle "EXT 2023"]
[Source "ChessBase"]
[SourceDate "2022.10.05"]
[SourceVersion "1"]
[SourceVersionDate "2022.10.05"]
[SourceQuality "1"]
[WhiteTeam "Schwanstetten"]
[BlackTeam "Nuernberg Anderssen"]
[WhiteTeamCountry "GER"]
[BlackTeamCountry "GER"]

1. e4 e5 2. Nf3 Nc6 3. Bb5 d6 4. d4 exd4 5. Nxd4 Bd7 6. c4 Nxd4 7. Bxd7+ Qxd7 8. Qxd4 c5 9. Qd3 Nf6 10. 0-0 Be7 11. Nc3 0-0 12. f3 a6 13. Bf4 Rfd8 14. Rad1 b5 15. Rd2 b4 16. Nd5 Nxd5 17. Qxd5 Qc7 18. Rfd1 a5 19. Qf5 g6 20. Qg4 f6 21. Qe6+ Kg7 22. Bxd6 Bxd6 23. Rxd6 Rxd6 24. Rxd6 1-0

[Event "Mittelfranken-chTB2b 1920"]
[Site "Mittelfranken"]
[Date "2020.01.12"]
[Round "4.6"]
[White "Dereser, Marc"]
[Black "Leonhardt, Frank"]
[Result "0-1"]
[WhiteElo "1690"]
[BlackElo "1823"]
[PlyCount "166"]
[EventDate "2019.10.13"]
[EventType "team-tourn"]
[EventRounds "9"]
[EventCountry "GER"]
[SourceTitle "EXT 2023"]
[Source "ChessBase"]
[SourceDate "2022.10.05"]
[SourceVersion "1"]
[SourceVersionDate "2022.10.05"]
[SourceQuality "1"]
[WhiteTeam "Nuernberg SK 1911 II"]
[BlackTeam "Schwanstetten"]
[WhiteTeamCountry "GER"]
[BlackTeamCountry "GER"]

1. d4 Nf6 2. Nf3 g6 3. g3 Bg7 4. Bg2 0-0 5. 0-0 d5 6. b3 c6 7. Bb2 Bg4 8. Nbd2 Qc8 9. c4 Bh3 10. Re1 Bxg2 11. Kxg2 Nbd7 12. e4 Nxe4 13. Nxe4 dxe4 14. Rxe4 e6 15. Qc2 Nf6 16. Rf4 Qc7 17. Rd1 Rad8 18. Ne5 Qd6 19. Rf3 Nd7 20. Ng4 h5 21. Ne3 Nf6 22. Kg1 Rd7 23. c5 Qc7 24. Nc4 Nd5 25. a3 Qd8 26. Qe4 Ne7 27. Nd6 Nf5 28. Nxf5 exf5 29. Qf4 Kh7 30. Rfd3 Re8 31. Re3 Rf8 32. Red3 Bh6 33. Qf3 Rd5 34. Re1 Bg7 35. Qd1 Qd7 36. Re2 Rd8 37. Red2 Bh6 38. Re2 Rxc5 39. dxc5 Qxd3 40. Qxd3 Rxd3 41. b4 Rd7 42. f4 a6 43. Kf2 Bg7 44. Ke1 Kh6 45. Bxg7+ Kxg7 46. Re3 Kf6 47. h4 Rd4 48. Ke2 Rc4 49. Kd3 Rc1 50. Kd2 Ra1 51. Rd3 Ra2+ 52. Ke3 Ke6 53. Rd6+ Ke7 54. Rd3 Rb2 55. Kd4 Rb1 56. Kc3 Re1 57. Kd2 Re4 58. Rd6 f6 59. Rd3 g5 60. Rf3 gxh4 61. gxh4 Ke6 62. Kd3 Kd5 63. Rf1 a5 64. Kc3 Re3+ 65. Kb2 axb4 66. axb4 Kc4 67. Kc2 Kxb4 68. Rb1+ Kxc5 69. Rxb7 Rh3 70. Rf7 Rxh4 71. Rxf6 Rxf4 72. Rh6 h4 73. Rh5 Kd4 74. Kd2 c5 75. Rh6 c4 76. Rd6+ Ke4 77. Kc3 Kf3 78. Rh6 Kg3 79. Rh5 h3 80. Rg5+ Kf2 81. Rh5 Kg2 82. Rg5+ Rg4 83. Rxf5 h2 0-1

[Event "Mittelfranken-chTB2b 1920"]
[Site "Mittelfranken"]
[Date "2019.10.13"]
[Round "1.7"]
[White "Schwab, Edgar"]
[Black "Leonhardt, Frank"]
[Result "1-0"]
[WhiteElo "1820"]
[BlackElo "1823"]
[PlyCount "58"]
[EventDate "2019.10.13"]
[EventType "team-tourn"]
[EventRounds "9"]
[EventCountry "GER"]
[SourceTitle "EXT 2023"]
[Source "ChessBase"]
[SourceDate "2022.10.05"]
[SourceVersion "1"]
[SourceVersionDate "2022.10.05"]
[SourceQuality "1"]
[WhiteTeam "Forchheim II"]
[BlackTeam "Schwanstetten"]
[WhiteTeamCountry "GER"]
[BlackTeamCountry "GER"]

1. Nf3 Nf6 2. d4 d5 3. Bf4 g6 4. e3 Bg7 5. c4 0-0 6. Nc3 c6 7. Rc1 Bg4 8. h3 Bxf3 9. Qxf3 e6 10. Bd3 Nbd7 11. 0-0 Qe7 12. cxd5 Nxd5 13. Nxd5 exd5 14. Rfe1 f5 15. Rc2 Bxd4 16. Qg3 Be5 17. Rce2 Rae8 18. f3 Qf6 19. Qf2 Re6 20. Bh6 Rfe8 21. h4 Qe7 22. e4 fxe4 23. fxe4 Nc5 24. Bc2 Nxe4 25. Rxe4 dxe4 26. Bb3 Qf6 27. Rxe4 Kf7 28. Rxe5 Qxf2+ 29. Kxf2 Kf6 1-0

[Event "Mittelfranken-chTB2b 1819"]
[Site "Mittelfranken"]
[Date "2018.12.02"]
[Round "3.6"]
[White "Leonhardt, Frank"]
[Black "Borel, Bernd"]
[Result "0-1"]
[WhiteElo "1812"]
[BlackElo "1703"]
[PlyCount "66"]
[EventDate "2018.10.14"]
[EventType "team-tourn"]
[EventRounds "9"]
[EventCountry "GER"]
[SourceTitle "EXT 2022"]
[Source "ChessBase"]
[SourceDate "2021.10.06"]
[SourceVersion "1"]
[SourceVersionDate "2021.10.06"]
[SourceQuality "1"]
[WhiteTeam "Schwanstetten"]
[BlackTeam "Grossenseebach"]
[WhiteTeamCountry "GER"]
[BlackTeamCountry "GER"]

1. e4 e5 2. Nf3 Nc6 3. Bb5 g6 4. 0-0 Bg7 5. c3 a6 6. Ba4 d6 7. d4 Bd7 8. Bg5 f6 9. Be3 Nge7 10. Nbd2 0-0 11. Qb3+ Kh8 12. Qxb7 f5 13. exf5 gxf5 14. dxe5 dxe5 15. Qb3 Rb8 16. Qc2 e4 17. Ne1 Nd5 18. Bc5 Rf6 19. g3 Rg6 20. Ng2 Ne5 21. Bb3 Bc6 22. c4 Nb4 23. Bxb4 Rxb4 24. Nf4 Rh6 25. Rfd1 Qg5 26. Qc3 Nd3 27. h4 Rxh4 28. Ne6 Rh1+ 29. Kg2 Nf4+ 30. Nxf4 Bxc3 31. Rxh1 Bxd2 32. Rxh7+ Kxh7 33. Rh1+ Qh6 0-1

[Event "Mittelfranken-chTB2b 1819"]
[Site "Mittelfranken"]
[Date "2018.10.14"]
[Round "1.7"]
[White "Hoegner, Tom"]
[Black "Leonhardt, Frank"]
[Result "1/2-1/2"]
[WhiteElo "1621"]
[BlackElo "1812"]
[PlyCount "91"]
[EventDate "2018.10.14"]
[EventType "team-tourn"]
[EventRounds "9"]
[EventCountry "GER"]
[SourceTitle "EXT 2022"]
[Source "ChessBase"]
[SourceDate "2021.10.06"]
[SourceVersion "1"]
[SourceVersionDate "2021.10.06"]
[SourceQuality "1"]
[WhiteTeam "Erlangen SC IV"]
[BlackTeam "Schwanstetten"]
[WhiteTeamCountry "GER"]
[BlackTeamCountry "GER"]

1. e4 c5 2. Nf3 d6 3. d4 cxd4 4. Nxd4 Nf6 5. Nc3 e5 6. Nb3 Be6 7. Bg5 Be7 8. Bd3 0-0 9. 0-0 Nc6 10. Nd2 Rc8 11. Nf3 a6 12. a3 Na5 13. Rb1 Nc4 14. Nd2 Nxa3 15. bxa3 Rxc3 16. Rxb7 Rxa3 17. Ra7 a5 18. Nc4 Ra4 19. Qe2 Re8 20. Bd2 g6 21. Rxa5 Rxa5 22. Nxa5 Qc7 23. Rb1 Rb8 24. Rxb8+ Qxb8 25. Nc6 Qb1+ 26. Qe1 Qxe1+ 27. Bxe1 Bf8 28. c4 Nd7 29. Bb4 f5 30. exf5 gxf5 31. Nd8 Bf7 32. Nxf7 Kxf7 33. Bxf5 Nf6 34. Kf1 h6 35. Ke2 Ne8 36. Be4 Nc7 37. Bd5+ Kf6 38. Ke3 Na6 39. Bc3 Kf5 40. Be4+ Ke6 41. f4 Nc5 42. Bb4 Kf6 43. Bxc5 exf4+ 44. Kxf4 dxc5 45. g4 Bd6+ 46. Kf3 1/2-1/2

[Event "Mittelfranken-chTB2b 1718"]
[Site "Mittelfranken"]
[Date "2018.04.08"]
[Round "7.6"]
[White "Brunner, Wolfgang"]
[Black "Leonhardt, Frank"]
[Result "1/2-1/2"]
[WhiteElo "1847"]
[BlackElo "1864"]
[PlyCount "112"]
[EventDate "2017.10.08"]
[EventType "team-tourn"]
[EventRounds "9"]
[EventCountry "GER"]
[SourceTitle "EXT 2022"]
[Source "ChessBase"]
[SourceDate "2021.10.06"]
[SourceVersion "1"]
[SourceVersionDate "2021.10.06"]
[SourceQuality "1"]
[WhiteTeam "Neumarkt"]
[BlackTeam "Schwanstetten"]
[WhiteTeamCountry "GER"]
[BlackTeamCountry "GER"]

1. d4 Nf6 2. c4 e6 3. Nc3 d5 4. g3 Be7 5. Bg2 0-0 6. Nf3 c6 7. 0-0 Qc7 8. Qc2 Nbd7 9. cxd5 exd5 10. Bf4 Qd8 11. a3 Re8 12. Nb5 Nf8 13. Nc7 Ne6 14. Nxe8 Qxe8 15. Bg5 Nxg5 16. Nxg5 g6 17. Nf3 Ne4 18. Nd2 Nd6 19. Rfe1 Bf6 20. e4 dxe4 21. Nxe4 Nxe4 22. Bxe4 Qd8 23. Rad1 Bxd4 24. Qc5 Bxc5 25. Rxd8+ Kg7 26. Bf3 Bb6 27. Rde8 Rb8 28. R1e7 Kf6 29. Re2 Bc7 30. Rg8 Be6 31. Rxb8 Bxb8 32. Rd2 Ke7 33. Kg2 h5 34. h3 Bd6 35. Re2 Kd7 36. Be4 Kc7 37. Bxg6 Bc4 38. Bxh5 Bxe2 39. Bxe2 b5 40. f4 a5 41. Bd1 a4 42. Kf3 Bf8 43. Ke4 Kd6 44. b3 axb3 45. Bxb3 Ke7 46. a4 bxa4 47. Bxa4 c5 48. g4 Kf6 49. Bb3 Bd6 50. h4 Kg6 51. f5+ Kg7 52. g5 f6 53. g6 Bg3 54. h5 Bh4 55. Kd5 Bg5 56. Kxc5 Bh6 1/2-1/2

[Event "Mittelfranken-chTB2b 1718"]
[Site "Mittelfranken"]
[Date "2018.02.18"]
[Round "5.7"]
[White "Leonhardt, Frank"]
[Black "Gagel, Roland"]
[Result "1-0"]
[WhiteElo "1864"]
[BlackElo "1763"]
[PlyCount "69"]
[EventDate "2017.10.08"]
[EventType "team-tourn"]
[EventRounds "9"]
[EventCountry "GER"]
[SourceTitle "EXT 2022"]
[Source "ChessBase"]
[SourceDate "2021.10.06"]
[SourceVersion "1"]
[SourceVersionDate "2021.10.06"]
[SourceQuality "1"]
[WhiteTeam "Schwanstetten"]
[BlackTeam "Forchheim SC III"]
[WhiteTeamCountry "GER"]
[BlackTeamCountry "GER"]

1. e4 c5 2. Nf3 d6 3. d4 cxd4 4. Nxd4 Nf6 5. Bd3 g6 6. c4 Bg7 7. 0-0 0-0 8. Nc3 Nc6 9. Nc2 Ne5 10. f3 Qb6+ 11. Be3 Qa5 12. Qd2 Nxd3 13. Qxd3 Be6 14. Rac1 Rac8 15. b3 Nd7 16. Nd4 Ne5 17. Qd2 Bd7 18. Rfd1 Rfd8 19. Kh1 a6 20. Qf2 b5 21. Nd5 Re8 22. cxb5 axb5 23. Rxc8 Bxc8 24. Qh4 f6 25. Qf2 Kf7 26. Qe2 Ba6 27. f4 Nd7 28. b4 Qa4 29. Rb1 Rc8 30. Qb2 Bb7 31. Nc3 Qa8 32. Qb3+ Ke8 33. Ne6 Bh6 34. Nxb5 Qb8 35. Ba7 1-0

[Event "Mittelfranken-chTB2b 1718"]
[Site "Mittelfranken"]
[Date "2017.10.29"]
[Round "2.6"]
[White "Korth, Manfred"]
[Black "Leonhardt, Frank"]
[Result "1-0"]
[WhiteElo "1820"]
[BlackElo "1864"]
[PlyCount "117"]
[EventDate "2017.10.08"]
[EventType "team-tourn"]
[EventRounds "9"]
[EventCountry "GER"]
[SourceTitle "EXT 2022"]
[Source "ChessBase"]
[SourceDate "2021.10.06"]
[SourceVersion "1"]
[SourceVersionDate "2021.10.06"]
[SourceQuality "1"]
[WhiteTeam "Heideck/Hilpoltstein"]
[BlackTeam "Schwanstetten"]
[WhiteTeamCountry "GER"]
[BlackTeamCountry "GER"]

1. d4 Nf6 2. Bf4 g6 3. e3 Bg7 4. h3 0-0 5. Nf3 d5 6. Be2 Nbd7 7. 0-0 Re8 8. Bh2 Ne4 9. c4 c6 10. Nc3 Nxc3 11. bxc3 Nb6 12. Nd2 e5 13. c5 Nd7 14. Nb3 exd4 15. cxd4 f5 16. Rc1 Nf8 17. Nd2 Ne6 18. Nf3 Qf6 19. Be5 Qf7 20. Bxg7 Qxg7 21. g3 Qe7 22. Ne5 Ng5 23. h4 Ne4 24. Nd3 Nxg3 25. fxg3 Qxe3+ 26. Rf2 Qxg3+ 27. Rg2 Qe3+ 28. Kh1 Qxd4 29. h5 Kg7 30. Qf1 Re4 31. Nf2 Rh4+ 32. Kg1 f4 33. Qe1 Bh3 34. Rh2 Re8 35. Qc3 Qxc3 36. Rxc3 Rxe2 37. Rhxh3 Rxh3 38. Rxh3 Rxa2 39. h6+ Kf7 40. Rb3 g5 41. Rxb7+ Kg6 42. Rc7 Ra6 43. Nd3 Kxh6 44. Ne5 d4 45. Rxc6+ Rxc6 46. Nxc6 d3 47. Kf2 g4 48. Ne5 g3+ 49. Ke1 Kg5 50. c6 Kf5 51. c7 Kxe5 52. c8Q Ke4 53. Qb7+ Ke3 54. Qxa7+ Kf3 55. Qb7+ Ke3 56. Qxh7 f3 57. Qh6+ Ke4 58. Qg6+ Kf4 59. Qxd3 1-0

[Event "Pfalz-ch HT2 86th"]
[Site "Wolfstein"]
[Date "2017.04.14"]
[Round "6"]
[White "Leonhardt, Frank"]
[Black "Kratz, Roland"]
[Result "1-0"]
[WhiteElo "1427"]
[BlackElo "1845"]
[PlyCount "97"]
[EventDate "2017.04.07"]
[EventType "swiss"]
[EventRounds "7"]
[EventCountry "GER"]
[SourceTitle "EXT 2018"]
[Source "ChessBase"]
[SourceDate "2017.10.13"]
[SourceVersion "1"]
[SourceVersionDate "2017.10.13"]
[SourceQuality "1"]

1. Nf3 Nf6 2. d4 e6 3. c4 b6 4. Bf4 Bb7 5. e3 Be7 6. Nbd2 Nh5 7. Bg3 0-0 8. Bd3 g6 9. 0-0 Nxg3 10. hxg3 d5 11. Ne5 Nd7 12. Ndf3 dxc4 13. Bxc4 Bxf3 14. gxf3 Nxe5 15. dxe5 Qxd1 16. Rfxd1 Rad8 17. a3 c5 18. f4 Rxd1+ 19. Rxd1 Rd8 20. Rxd8+ Bxd8 21. Bb5 Kf8 22. Kf1 Ke7 23. g4 h6 24. Ke2 g5 25. Kd3 Bc7 26. Ke4 f6 27. exf6+ Kxf6 28. f5 exf5+ 29. gxf5 h5 30. Bd3 Be5 31. b3 Bb2 32. a4 h4 33. Kd5 Bc3 34. e4 h3 35. Bf1 g4 36. f3 gxf3 37. Bxh3 f2 38. Bf1 Bb2 39. Kc4 Ke5 40. Bg2 f1Q+ 41. Bxf1 Kxe4 42. Bd3+ Ke5 43. Kb5 Kd6 44. Ka6 Bd4 45. Kxa7 c4 46. bxc4 b5+ 47. Ka6 bxc4 48. Bxc4 Ke5 49. Be6 1-0

[Event "Pfalz-ch HT2 86th"]
[Site "Wolfstein"]
[Date "2017.04.07"]
[Round "1"]
[White "Schimmelpfennig, Klaus"]
[Black "Leonhardt, Frank"]
[Result "1-0"]
[WhiteElo "2003"]
[BlackElo "1427"]
[PlyCount "35"]
[EventDate "2017.04.07"]
[EventType "swiss"]
[EventRounds "7"]
[EventCountry "GER"]
[SourceTitle "EXT 2018"]
[Source "ChessBase"]
[SourceDate "2017.10.13"]
[SourceVersion "1"]
[SourceVersionDate "2017.10.13"]
[SourceQuality "1"]

1. d4 d5 2. Nf3 Nc6 3. Bf4 Bf5 4. a3 Nf6 5. e3 a6 6. c4 dxc4 7. Bxc4 b5 8. Ba2 e6 9. 0-0 Nh5 10. Qc1 Be4 11. Nfd2 Nxf4 12. exf4 Bd5 13. f5 Bxa2 14. Qxc6+ Ke7 15. Rxa2 Qd5 16. Qxc7+ Kf6 17. fxe6 Qxa2 18. Qxf7+ 1-0

[Event "Mittelfranken-chT2b 1617"]
[Site "Mittelfranken"]
[Date "2017.01.22"]
[Round "5.4"]
[White "Leonhardt, Frank"]
[Black "Heinkelmann, Josef"]
[Result "1-0"]
[WhiteElo "1864"]
[BlackElo "1854"]
[PlyCount "103"]
[EventDate "2016.10.23"]
[EventType "team-tourn"]
[EventRounds "9"]
[EventCountry "GER"]
[SourceTitle "EXT 2022"]
[Source "ChessBase"]
[SourceDate "2021.10.06"]
[SourceVersion "1"]
[SourceVersionDate "2021.10.06"]
[SourceQuality "1"]
[WhiteTeam "Schwanstetten"]
[BlackTeam "Forchheim SC III"]
[WhiteTeamCountry "GER"]
[BlackTeamCountry "GER"]

1. e4 c5 2. Nf3 Nc6 3. d4 cxd4 4. Nxd4 g6 5. c4 Bg7 6. Be3 Nf6 7. Nc3 d6 8. Be2 0-0 9. 0-0 Bd7 10. Qd2 Nxd4 11. Bxd4 Bc6 12. f3 a5 13. b3 Nd7 14. Be3 Nc5 15. Qc2 Qb6 16. Rab1 Rfc8 17. Kh1 Qb4 18. Bd2 Qb6 19. Be3 Qb4 20. Bd2 Qb6 21. a3 Ne6 22. Bd3 Nd4 23. Qd1 Qd8 24. Ne2 Qd7 25. Be3 Nxe2 26. Qxe2 Rcb8 27. Bb6 Qe6 28. a4 Bc3 29. Rbc1 Qf6 30. Qe3 Qg7 31. f4 Bb2 32. Rc2 Bf6 33. Qe1 Bd4 34. Bxa5 Qh6 35. Bc3 Bc5 36. Bb2 f6 37. e5 Qh3 38. Qc3 dxe5 39. fxe5 Rd8 40. exf6 Bd4 41. Qe1 exf6 42. Be4 Qxb3 43. Bxd4 Rxd4 44. Bxc6 Rd6 45. Rc3 Qb4 46. Bd5+ Kh8 47. Rcf3 Qxa4 48. Rxf6 Rxf6 49. Rxf6 Re8 50. Rf8+ Rxf8 51. Qe5+ Rf6 52. Qxf6# 1-0

[Event "Mittelfranken-chT2b 1617"]
[Site "Mittelfranken"]
[Date "2016.12.11"]
[Round "4.4"]
[White "Krauss, Hermann"]
[Black "Leonhardt, Frank"]
[Result "1/2-1/2"]
[WhiteElo "1941"]
[BlackElo "1864"]
[PlyCount "45"]
[EventDate "2016.10.23"]
[EventType "team-tourn"]
[EventRounds "9"]
[EventCountry "GER"]
[SourceTitle "EXT 2022"]
[Source "ChessBase"]
[SourceDate "2021.10.06"]
[SourceVersion "1"]
[SourceVersionDate "2021.10.06"]
[SourceQuality "1"]
[WhiteTeam "Nuernberg Noris Tarrasch IV"]
[BlackTeam "Schwanstetten"]
[WhiteTeamCountry "GER"]
[BlackTeamCountry "GER"]

1. c4 e5 2. Nc3 Nf6 3. Nf3 Nc6 4. g3 d5 5. cxd5 Nxd5 6. Bg2 Be7 7. 0-0 0-0 8. Nxe5 Nxc3 9. Nxc6 Nxe2+ 10. Qxe2 bxc6 11. Bxc6 Rb8 12. d3 Qd6 13. Be4 f5 14. Bf4 Qd7 15. Bg2 Bf6 16. Rab1 Ba6 17. Rfd1 Rfd8 18. Bf1 Rb4 19. Qc2 Bb7 20. Bg2 Bxg2 21. Kxg2 Qd5+ 22. Kg1 Qxa2 23. Qxc7 1/2-1/2

[Event "Mittelfranken-chTB2b 1516"]
[Site "Mittelfranken"]
[Date "2015.11.08"]
[Round "2.4"]
[White "Weber, Alexander"]
[Black "Leonhardt, Frank"]
[Result "0-1"]
[WhiteElo "1799"]
[BlackElo "1879"]
[PlyCount "66"]
[EventDate "2015.10.18"]
[EventType "team-tourn"]
[EventRounds "9"]
[EventCountry "GER"]
[SourceTitle "EXT 2020"]
[Source "ChessBase"]
[SourceDate "2019.10.17"]
[SourceVersion "1"]
[SourceVersionDate "2019.10.17"]
[SourceQuality "1"]
[WhiteTeam "Erlangen SC III"]
[BlackTeam "Schwanstetten"]
[WhiteTeamCountry "GER"]
[BlackTeamCountry "GER"]

1. e4 c5 2. d4 cxd4 3. c3 dxc3 4. Nxc3 e6 5. Nf3 Ne7 6. Bg5 Nbc6 7. Bc4 Qa5 8. 0-0 a6 9. a3 Ng6 10. Qe2 Be7 11. b4 Qd8 12. Be3 0-0 13. Bb3 b5 14. Rfd1 Bb7 15. Qd2 d6 16. Nd4 Nxd4 17. Bxd4 Rc8 18. Rac1 Bg5 19. Be3 Bxe3 20. Qxe3 Qe7 21. f4 Rc7 22. Rd3 Rfc8 23. Rcd1 Nxf4 24. Rxd6 Rxc3 25. Qxf4 Rxb3 26. Rd7 Qf6 27. Qc7 h6 28. Qxb7 Rc2 29. e5 Qf2+ 30. Kh1 Rbb2 31. Qa8+ Kh7 32. Qe4+ g6 33. Rxf7+ Qxf7 0-1

[Event "Mittelfranken-chTB2b 1415"]
[Site "Mittelfranken"]
[Date "2015.02.08"]
[Round "6.5"]
[White "Leonhardt, Frank"]
[Black "Ruderer, Thomas"]
[Result "1-0"]
[WhiteElo "1879"]
[BlackElo "1730"]
[PlyCount "199"]
[EventDate "2014.09.28"]
[EventType "team-tourn"]
[EventRounds "9"]
[EventCountry "GER"]
[SourceTitle "EXT 2020"]
[Source "ChessBase"]
[SourceDate "2019.10.17"]
[SourceVersion "1"]
[SourceVersionDate "2019.10.17"]
[SourceQuality "1"]
[WhiteTeam "Schwanstetten"]
[BlackTeam "Heideck/Hilpoltstein"]
[WhiteTeamCountry "GER"]
[BlackTeamCountry "GER"]

1. e4 e6 2. d4 d5 3. Nd2 Nf6 4. Bd3 dxe4 5. Nxe4 Nxe4 6. Bxe4 Nd7 7. c3 c5 8. Nf3 Be7 9. 0-0 0-0 10. Qc2 Nf6 11. Bd3 cxd4 12. Nxd4 a6 13. Bg5 h6 14. Bh4 Nd5 15. Bg3 Bd7 16. Rad1 Rc8 17. Rfe1 Bf6 18. Qe2 Re8 19. Nf3 Bxc3 20. bxc3 Nxc3 21. Qe3 Nxd1 22. Rxd1 Qe7 23. Qe4 g6 24. Qxb7 Bb5 25. Qxe7 Rxe7 26. Bxb5 axb5 27. Rb1 Ra7 28. h4 Rxa2 29. Rxb5 Ra7 30. Rb8 Rxb8 31. Bxb8 Ra1+ 32. Kh2 f6 33. Bf4 Ra2 34. Be3 Kf7 35. g3 e5 36. Kg2 Kg7 37. Nh2 h5 38. Nf3 Kf7 39. Nd2 Rc2 40. Kf3 Ra2 41. Ke4 Ke6 42. Nb3 Ra4+ 43. Kf3 Kf5 44. Nc5 Rc4 45. Nb7 Ra4 46. Nd6+ Ke6 47. Nc8 Rb4 48. Kg2 Kd7 49. Nb6+ Ke6 50. Kf3 g5 51. hxg5 fxg5 52. Kg2 e4 53. Kh3 Kf5 54. Nd7 g4+ 55. Kg2 Rb1 56. Nb6 Ke5 57. Nc4+ Kd5 58. Nd2 Ra1 59. Bf4 Ra4 60. Be3 Ra2 61. Kf1 Ra4 62. Ke2 Ke5 63. Kd1 Ra2 64. Kc1 Ra1+ 65. Kb2 Ra8 66. Nc4+ Kf5 67. Kc3 Rh8 68. Nd6+ Kg6 69. Nxe4 h4 70. gxh4 Rxh4 71. Kd4 Rh8 72. Kd3 Kh5 73. Ke2 Kh4 74. Kf1 Re8 75. Nc3 Kh3 76. Ne2 Ra8 77. Nf4+ Kh4 78. Kg2 Ra4 79. Ne2 Rc4 80. Nd4 Ra4 81. Nf5+ Kh5 82. Kg3 Ra1 83. Nd6 Ra4 84. Nf5 Rc4 85. Nd4 Ra4 86. Ne2 Kg6 87. Kh4 Kf5 88. Nd4+ Ke5 89. Kxg4 Ra8 90. Nf3+ Ke6 91. Ng5+ Ke5 92. f4+ Kf6 93. Bd4+ Ke7 94. f5 Ra4 95. Nf3 Kf7 96. Kg5 Ra2 97. Ne5+ Kg8 98. f6 Rd2 99. f7+ Kf8 100. Bc5+ 1-0

[Event "Mittelfranken-chTB1 1314"]
[Site "Mittelfranken"]
[Date "2014.02.16"]
[Round "6.5"]
[White "Leonhardt, Frank"]
[Black "Schloetterer, Hermann"]
[Result "0-1"]
[WhiteElo "1879"]
[BlackElo "1762"]
[PlyCount "86"]
[EventDate "2013.10.20"]
[EventType "team-tourn"]
[EventRounds "9"]
[EventCountry "GER"]
[SourceTitle "EXT 2020"]
[Source "ChessBase"]
[SourceDate "2019.10.17"]
[SourceVersion "1"]
[SourceVersionDate "2019.10.17"]
[SourceQuality "1"]
[WhiteTeam "Schwanstetten"]
[BlackTeam "Nuernberg Zabo"]
[WhiteTeamCountry "GER"]
[BlackTeamCountry "GER"]

1. e4 c5 2. Nf3 Nc6 3. d4 cxd4 4. Nxd4 Nf6 5. Nc3 e5 6. Ndb5 d6 7. a4 Be7 8. Bc4 0-0 9. 0-0 a6 10. Na3 Bg4 11. f3 Be6 12. Nd5 Bxd5 13. Bxd5 Nxd5 14. Qxd5 Qa5 15. Qxa5 Nxa5 16. Rd1 Rac8 17. Be3 f5 18. exf5 Rxf5 19. Bb6 Nc4 20. Nxc4 Rxc4 21. c3 Kf7 22. Rd3 Ke6 23. a5 h5 24. b3 Rc6 25. c4 g5 26. h3 Rc8 27. Rad1 g4 28. fxg4 hxg4 29. h4 Rc6 30. g3 Rc8 31. Kg2 Rcf8 32. R1d2 Rf3 33. Rd1 e4 34. Re3 Rxe3 35. Bxe3 Rf3 36. Re1 d5 37. cxd5+ Kxd5 38. Rd1+ Ke6 39. Bb6 Bd6 40. Bf2 Rxb3 41. h5 Rb2 42. h6 e3 43. Re1 Rxf2+ 0-1

[Event "Mittelfranken-chTB1 1213"]
[Site "Germany"]
[Date "2013.02.11"]
[Round "7.5"]
[White "Leonhardt, Frank"]
[Black "Konsek, Peter"]
[Result "0-1"]
[WhiteElo "1886"]
[BlackElo "1928"]
[PlyCount "61"]
[EventDate "2012.10.07"]
[EventType "team-tourn"]
[EventRounds "9"]
[EventCountry "GER"]
[SourceTitle "EXT 2019"]
[Source "ChessBase"]
[SourceDate "2018.10.10"]
[SourceVersion "1"]
[SourceVersionDate "2018.10.10"]
[SourceQuality "1"]
[WhiteTeam "Schwanstetten"]
[BlackTeam "Nuernberg Sued SW II"]
[WhiteTeamCountry "GER"]
[BlackTeamCountry "GER"]

1. e4 e5 2. Nf3 Nc6 3. Bb5 a6 4. Ba4 d6 5. 0-0 Bg4 6. c3 b5 7. Bb3 Qf6 8. d3 Bxf3 9. Qxf3 Qxf3 10. gxf3 Na5 11. Bc2 Ne7 12. a4 b4 13. cxb4 Nac6 14. Bd2 Rb8 15. b5 Nd4 16. Bd1 axb5 17. f4 Ng6 18. f5 Nh4 19. f3 Be7 20. Be3 g6 21. fxg6 Rg8 22. Nc3 bxa4 23. Nd5 Rxg6+ 24. Kh1 Rxb2 25. Bxd4 exd4 26. Bxa4+ Kf8 27. Bd1 f6 28. Nf4 Rh6 29. Ra8+ Kf7 30. Ra3 d5 31. Nxd5 0-1